000
00306pab a2200109 454500
008
180718b xxu||||| |||| 00| 0 eng d
100
_a
Mallik, Basanta Kumar
245
_a
Ambedkar as a builder of modern India
650
_a
Ambedkar, B.R. - Criticism and Interpretation
773
_a
Mainstream
909
_a
21497
999
_c
21497
_d
21497